Heroclix: Incredible Hulk Quiz Stats

Quiz not verified by Sporcle

Challenge
Share
Tweet
Embed
Score 0/68 Timer 08:00
0 Plays Today
Figure # Figure Name % Correct
001Hulk
100%
043Hulk
100%
201Hulk
100%
007She-Hulk
76.7%
204She-Hulk
76.7%
028Red Hulk
72.1%
210Red Hulk
72.1%
014The Leader
69.8%
209The Leader
69.8%
013Abomination
67.4%
029General Thunderbolt Ross
67.4%
206Abomination
67.4%
002Bruce Banner
53.5%
101Bruce Banner
53.5%
202Bruce Banner
53.5%
040A-Bomb
51.2%
021Daredevil
48.8%
031Daredevil
48.8%
103Daredevil
48.8%
025Rick Jones
46.5%
035Wolverine
46.5%
208General Thunderbolt Ross
41.9%
041Ka-Zar
39.5%
042Black Bolt
39.5%
104Black Bolt
39.5%
004Hulkbuster Soldier
37.2%
010Punisher
37.2%
011Punisher
37.2%
012Thundra
37.2%
015Skaar
37.2%
023Punisher
37.2%
026Hercules
37.2%
030Doc Samson
37.2%
205Punisher
37.2%
Figure # Figure Name % Correct
207Skaar
37.2%
016Lyra
34.9%
032Shanna
34.9%
038Spider-man
34.9%
003A.I.M. Agent
32.6%
006Hulk Robot
32.6%
037Ghost Rider
32.6%
005Humanoid
30.2%
017A.I.M. Renegade
30.2%
027Amadeus Cho
30.2%
047Hulklops
30.2%
S101Gamma Bomb
30.2%
009Man-Wolf
27.9%
022Matt Murdock
27.9%
033Tiger Shark
27.9%
034Man-Beast
27.9%
044Red King
27.9%
046Winter Hulk
27.9%
049Hulkmariner
27.9%
019Black Tarantula
25.6%
039Caiera
25.6%
048Icehulk
25.6%
050Mighty Thorr
25.6%
102Major Glenn Talbot
25.6%
008John Jameson
23.3%
018A.I.Marine
23.3%
020White Tiger
23.3%
036Joe Fixit
23.3%
051Wolverage
23.3%
100A.I.Marine Hulk
23.3%
024Jigsaw
20.9%
045Cosmic Hulk
18.6%
S102Globe of Ultimate Knowledge
14%
203Hulkbuster Squad Leader
11.6%

You're not logged in!

Compare scores with friends on all Sporcle quizzes.
Join for Free
OR
Log In

You Might Also Like...

Show Comments

Extras

Top Quizzes Today


Score Distribution

Your Account Isn't Verified!

In order to create a playlist on Sporcle, you need to verify the email address you used during registration. Go to your Sporcle Settings to finish the process.

Report this User

Report this user for behavior that violates our Community Guidelines.

Details: